Normal view MARC view
  • Tonos y sombras

Entry Materia

Number of records used in: 6

001 - NÚMERO DE CONTROL DEL REGISTRO

  • campo de control: 19865

003 - IDENTIFICADOR DE NUMERO DE CONTROL

  • campo de control: UPN

005 - FECHA Y HORA DE LA ÚLTIMA TRANSACCIÓN

  • campo de control: 20231204122813.0

008 - DATOS DE LONGITUD FIJA

  • campo de control de longitud fija: nabaccnnaabn|||||||||| b |nc|||||d

035 ## - NÚMERO DE CONTROL DEL SISTEMA

  • Número de control del sistema: UPN10000019874

040 ## - FUENTE DE LA CATALOGACIÓN

  • Lengua de catalogación: SPA
  • Agencia de transcripción: UPN
  • Centro catalogador de origen: MX-MxUPN

150 ## - ENCABEZAMIENTO - TEMÁTICO

  • Término de materia o nombre geográfico como elemento inicial: Tonos y sombras

450 ## - VÉASE - MATERIA

  • Encabezamiento temático: Sombras

450 ## - VÉASE - MATERIA

  • Encabezamiento temático: Luz y sombra

450 ## - VÉASE - MATERIA

  • Encabezamiento temático: Matices

450 ## - VÉASE - MATERIA

  • Encabezamiento temático: Sombras y matices

670 ## - FUENTE EN LA QUE SE LOCALIZARON DATOS

  • Cita de la fuente: LC/P
  • Información localizada: Shades and shadows

902 ## - CATALOGADOR

  • Catalogador: EMR/030212